| 000 | 00866nam a2200253 a 4500 | ||
|---|---|---|---|
| 999 |
_c1556 _d1556 |
||
| 001 | 1315623 | ||
| 003 | CoMeUDC | ||
| 005 | 20220523122447.0 | ||
| 008 | 111217s2011 ck abg gr 00010 spa d | ||
| 015 | _ack-2011-xxxx | ||
| 020 | _a9789588336947 | ||
| 040 |
_aCO-BoBLA _bspa _cCO-UdeC |
||
| 041 | 0 | _aspa | |
| 043 | _as-ck--- | ||
| 045 | _ax9y0 | ||
| 082 | 0 | 4 |
_a388.109 _bD542 |
| 100 |
_91555 _aDíaz Mora, Luis Carlos. |
||
| 245 | 1 | 0 |
_aNormas vigentes de transporte terrestre : _b(Leyes 105 de 1993 y 336 de 1996 - Decretos 170-171-172-172-174 y 175 de 2001, 3366 de 2003 y demás reglamentación vigente) / _cLuis Carlos Díaz Mora. |
| 250 | _a8a. ed. | ||
| 260 |
_aMedellín : _bLibrería Jurídica Sánchez R., _c2011. |
||
| 300 |
_a709 p. : _bil., ; _c24 cm. |
||
| 650 | 0 |
_aLegislación en transporte _zColombia _y1996-2001. _91553 |
|
| 942 |
_2ddc _cBK |
||